000 00407nab a2200145Ia 4500
003 ES-SlBCS
005 20210601135733.0
008 140529s1972 xxu||||| |||| 00| 0 spa d
041 _aspa
100 1 _aKlinken, Johanna
_9236083
245 0 0 _aFamilia y liturgia
_c Johanna Klinken
650 0 4 _aFamilia-Liturgia
_9215633
773 0 _tConcilium
_gvol. 1, nº. 72, 1972, págs. 232-239
_wRev134
942 _cAR
999 _c633169
_d633169